000 01954nam a2200265 a 4500
003 AM-YEHGA
005 20260402103658.0
008 260203s1895 tu ||||r|||| 000|0 arm d
040 _aAM-YEHGA
041 0 _aarm
100 1 _aԳասապեան, Ս. Մ.
245 1 0 _aՏաղաչափութիւն արդի հայերէն լեզուի :
_bՀանդերձ ծանօթութեամբ չափական եւ շեշտեալ ոտանաւորներու վրայ /
_cՍ. Մ. Գասապեան ; Գրատուն Պ. Պալենց.
260 _aԿ. Պոլիս :
_bՏպարան եւ վիմագրատուն եւ կազմատուն Յ. Մատթէոսեան,
_c1895.
300 _a(4 գիրք մեկ կազմի մեջ) ; 79 էջ ;
_c18 սմ.
500 _aՇարվածքը՝ 14x9 սմ։
500 _aՇարվածքը՝ 14x9 սմ։
500 _aՏպարանի տվյալը վերցված է տիտղոսաթերթի դարձերեսից:
500 _aԲնագրից առաջ՝ Ձօն խորին յարգանաց եւ երախտագիտութեան առ ազնուաշուք տօքթ. Յ. Թիրաքեան էֆ.:
500 _aԱլիգ 3
501 _aՄեկ կազմի մեջ՝ Քամէլիազարդ տիկին / Ա. Տիւմա որդի։ Կ. Պօլիս: տպ. Նշան Կ. Պէրպէրեան։ 1900։ - Ալիգ 1 ; Բաղդացոյց ... ? : (Անուն-կապուկ) : Քաշէ մարդս քաշէ ... / Յ.Յ.Յ. Ամիրենց։ Կ. Պոլիս: տպ. Նշան-Պապիկեան։ 1914։ - Ալիգ 2 ; Մեծ մարդասպանի դէմ : Պաշտօնական արձանագրութիւն եղեռնական ատեանի դատավարութեան : Կատարւած Կ. Պօլսում, 1905 նոյեմբերին / Ժընև: Հ․ Յ․ Դաշնակցութեան տպարան։ 1906։ - Ալիգ 4
650 1 4 _aՀայոց լեզու
650 1 4 _aՏաղաչափություն
_95313
710 2 _aՊալենց գրատուն
_94816
942 _2udc
_cBK
_n0
999 _c540190
_d540190